|
|
|
|
| LEADER |
00000cam a2200000 4500 |
| 001 |
vtls012264149 |
| 003 |
SK-MaSNL |
| 005 |
20260301232016.0 |
| 008 |
240925s2024 xo grnf 010 0 slo |
| 015 |
|
|
|a SNBA2026/1
|
| 020 |
|
|
|a 9788081094743
|q (brožované)
|
| 040 |
|
|
|a SNK
|b slo
|c SNK
|e rda
|
| 041 |
1 |
|
|a slo
|h eng
|
| 044 |
|
|
|a xo
|c SK
|
| 072 |
|
7 |
|a 159.92
|x Vývinová psychológia. Psychológia osobnosti
|2 konspekt
|
| 080 |
|
|
|a 159.947.5
|2 2011
|
| 080 |
|
|
|a 159.923.2
|2 2011
|
| 080 |
|
|
|a 17.024.4
|2 2011
|
| 080 |
|
|
|a 159.923.5
|2 2011
|
| 080 |
|
|
|a (0.062)
|2 2011
|
| 080 |
|
|
|a 165.242.1
|2 2011
|
| 080 |
|
|
|a (035)
|2 2011
|
| 100 |
1 |
|
|a Hershfield, Hal
|4 aut
|9 624985
|
| 240 |
1 |
0 |
|a Your Future Self
|l Slovensky
|
| 245 |
1 |
0 |
|a Vaše budúce ja
|b ako si vytvoriť lepší zajtrajšok už dnes
|c Hal Hershfield ; z anglického originálu Your Future Self ... preložila Monika Kaliská
|
| 264 |
|
1 |
|a Bratislava
|b Eastone Books
|c 2024
|
| 300 |
|
|
|a 237 strán
|c 21 cm
|
| 336 |
|
|
|a text
|b txt
|2 rdacontent
|
| 337 |
|
|
|a bez média
|b n
|2 rdamedia
|
| 338 |
|
|
|a zväzok
|b nc
|2 rdacarrier
|
| 500 |
|
|
|a Obsahuje profesijné údaje o autorovi
|
| 504 |
|
|
|a Obsahuje bibliografické odkazy
|
| 650 |
0 |
7 |
|a motivácia
|2 SNKPH
|9 1779
|
| 650 |
0 |
7 |
|a sebavedomie
|2 SNKPH
|9 23453
|
| 650 |
0 |
7 |
|a úspech
|2 SNKPH
|9 3804
|
| 650 |
0 |
7 |
|a životná harmónia
|2 SNKPH
|9 4976
|
| 650 |
0 |
7 |
|a sebazdokonaľovanie
|2 SNKPH
|9 16609
|
| 650 |
0 |
7 |
|a ciele
|2 SNKPH
|9 536478
|
| 650 |
0 |
7 |
|a budúcnosť
|2 SNKPH
|9 351522
|
| 650 |
0 |
7 |
|a sebapoznanie
|2 SNKPH
|9 4292
|
| 655 |
|
7 |
|a populárno-náučné publikácie
|2 SNKPH
|9 70460
|
| 655 |
|
7 |
|a príručky
|2 SNKPH
|9 74364
|
| 700 |
1 |
|
|a Kaliská, Monika
|c (prekladateľka)
|4 trl
|9 165866
|
| 852 |
|
|
|a Slovenská národná knižnica
|
| 919 |
|
|
|a 978-80-8109-474-3
|
| 954 |
|
|
|a iná literatúra (príručky, kuchárske knihy, hobby literatúra, sprievodcovia) cudzojazyčná (svetová)
|2 lita
|
| 954 |
|
|
|a odborná, vedecká literatúra cudzojazyčná (svetová)
|2 lita
|
| 958 |
|
|
|a NB
|
| 958 |
|
|
|a OP
|
| 999 |
|
|
|c 960149
|d 962079
|
| 952 |
|
|
|a SNK
|b SNK
|c SNK_KF
|y PREZ
|7 8
|p 17A1564830
|o snkSC 209190
|i snk2025/2264
|8 0
|0 0
|1 0
|4 0
|d 2025-02-10
|l 0
|r 2026-02-24 10:16:38
|w 2026-02-24
|
| 952 |
|
|
|a SNK
|b SNK
|y VYP
|7 0
|p 17A1580470
|o snkSC 209190 D1
|i snk2025/15110
|8 3
|g 10.39
|0 0
|1 0
|4 0
|d 2025-09-25
|l 0
|r 2026-02-24 10:16:38
|w 2026-02-24
|